00395nam a2200157Ia 450000500170000000800410001704000190005804100120007708200160008910000170010524500420012226000330016430000110019765000190020885000100022720221207145136.0131103s9999 xx 000 0 und d aLoreto College aEnglish a821.91bMAR aMarquis, Don aarchys life of mehitabelcDon Marquis aLondonbfaber & faberc[19?] a192p.  aEnglish poetry aLCLIB